Padmasiṃha Śarmā ke patra / (Record no. 81591)

MARC details
000 -LEADER
fixed length control field 00754cam a2200217 a 4500
001 - CONTROL NUMBER
control field sa 68006976
003 - CONTROL NUMBER IDENTIFIER
control field DLC
005 - DATE AND TIME OF LATEST TRANSACTION
control field 20260227112519.0
008 - FIXED-LENGTH DATA ELEMENTS--GENERAL INFORMATION
fixed length control field 840319s1956 ii a 000 0 hino
010 ## - LIBRARY OF CONGRESS CONTROL NUMBER
LC control number sa 68006976
040 ## - CATALOGING SOURCE
Original cataloging agency DLC
Transcribing agency DLC
050 00 - LIBRARY OF CONGRESS CALL NUMBER
Classification number PK2030.6.S28
Item number A4 1956
100 1# - MAIN ENTRY--PERSONAL NAME
Personal name Śarmā, Padmasiṃha,
Dates associated with a name 1877-1932.
245 10 - TITLE STATEMENT
Title Padmasiṃha Śarmā ke patra /
Statement of responsibility, etc. sampādaka Banārsīdāsa Caturvedī, Hariśaṅkara Śarmā.
260 ## - PUBLICATION, DISTRIBUTION, ETC.
Place of publication, distribution, etc. Dillī :
Name of publisher, distributor, etc. Ātmārāma eṇḍa Saṃsa,
Date of publication, distribution, etc. 1956.
300 ## - PHYSICAL DESCRIPTION
Extent 48, 251 p.
Other physical details illus., facsims., ports.
Dimensions 22 cm.
546 ## - LANGUAGE NOTE
Language note In Hindi.
600 10 - SUBJECT ADDED ENTRY--PERSONAL NAME
Personal name Śarmā, Padmasiṃha,
Dates associated with a name 1877-1932
Form subdivision Correspondence.
700 1# - ADDED ENTRY--PERSONAL NAME
Personal name Caturvedī, Banārasīdāsa,
Dates associated with a name 1892-1985.
700 1# - ADDED ENTRY--PERSONAL NAME
Personal name Śarmā, Hariśaṅkara,
Dates associated with a name 1892-

No items available.

Powered by Koha